[Event "Capablanca Memorial op 44th"]
[Site "Havana"]
[Date "2009.06.17"]
[Round "9"]
[White "Perez, Jesus"]
[Black "Ostos, Julio Eduardo"]
[Result "0-1"]
[WhiteElo "2080"]
[BlackElo "2316"]
[PlyCount "84"]
[EventDate "2009.06.08"]
[EventType "swiss"]
[EventRounds "10"]
[EventCountry "CUB"]
[SourceTitle "CBM 130 Extra"]
[Source "ChessBase"]
[SourceDate "2009.07.02"]
[SourceVersion "2"]
[SourceVersionDate "2009.07.15"]
[SourceQuality "1"]

1. e4 e6 2. d4 d5 3. Nd2 Nf6 4. e5 Nfd7 5. Bd3 c5 6. c3 Nc6 7. Ne2 cxd4 8. cxd4 f6 9. exf6 Qxf6 10. Nf3 h6 11. 0-0 Bd6 12. Ng3 0-0 13. Bc2 Rd8 14. Re1 Nf8 15. Nh5 Qf7 16. Ne5 Nxe5 17. dxe5 Bc5 18. Nf4 Bd7 19. Qg4 Rac8 20. Bd3 a6 21. Be3 Bb5 22. Rad1 Bxd3 23. Rxd3 Bxe3 24. Rdxe3 Rc4 25. Rf3 Re4 26. Rd1 Rxe5 27. h4 Re4 28. Qg3 Qc7 29. h5 Qe5 30. Nd3 Qxh5 31. Qc7 Rd7 32. Qc2 Rh4 33. Kf1 Rf7 34. Ne1 Rff4 35. Rdd3 Rh1+ 36. Ke2 Ng6 37. Kd2 Rc4 38. Rc3 Qg5+ 39. Rfe3 Ne5 40. Ke2 Qg4+ 41. f3 Qg3 42. Kd1 Rd4+ 0-1

[Event "Capablanca Memorial op 44th"]
[Site "Havana"]
[Date "2009.06.10"]
[Round "3"]
[White "Morales Romero, Pedro"]
[Black "Perez, Jesus"]
[Result "0-1"]
[WhiteElo "2410"]
[BlackElo "2080"]
[PlyCount "78"]
[EventDate "2009.06.08"]
[EventType "swiss"]
[EventRounds "10"]
[EventCountry "CUB"]
[SourceTitle "CBM 130 Extra"]
[Source "ChessBase"]
[SourceDate "2009.07.02"]
[SourceVersion "2"]
[SourceVersionDate "2009.07.15"]
[SourceQuality "1"]

1. e4 e5 2. Nf3 Nc6 3. Bc4 Nf6 4. d4 exd4 5. e5 d5 6. Bb5 Ne4 7. Nxd4 Bd7 8. Bxc6 bxc6 9. 0-0 Bc5 10. f3 Ng5 11. Kh1 Bb6 12. Nc3 c5 13. Bxg5 Qxg5 14. f4 Qg4 15. Nf3 d4 16. Ne2 Bc6 17. Qd3 0-0-0 18. a4 a5 19. h3 Qd7 20. b3 Kb8 21. Rad1 Qc8 22. Ng5 Rd7 23. f5 Re7 24. e6 fxe6 25. Nxe6 Qb7 26. N2f4 Be4 27. Qc4 Qc6 28. Rde1 Rhe8 29. c3 g5 30. Rxe4 Qxe4 31. Nd5 Rxe6 32. fxe6 Qxe6 33. cxd4 cxd4 34. Rf6 Qe1+ 35. Kh2 Qe5+ 36. Kg1 d3+ 37. Nxb6 Qe3+ 38. Kh2 cxb6 39. Rd6 Qe5+ 0-1

[Event "Albacete op 13th"]
[Site "Albacete"]
[Date "2005.09.04"]
[Round "6"]
[White "Perez, Jesus"]
[Black "Vitor, Antonio Pedro Caste"]
[Result "0-1"]
[WhiteElo "2037"]
[BlackElo "2365"]
[PlyCount "43"]
[EventDate "2005.09.01"]
[EventType "swiss"]
[EventRounds "9"]
[EventCountry "ESP"]
[SourceTitle "CBM 108 Extra"]
[Source "ChessBase"]
[SourceDate "2005.11.04"]
[SourceVersion "1"]
[SourceVersionDate "2005.11.04"]
[SourceQuality "1"]

1. d4 b6 2. Nf3 Bb7 3. Bg5 g6 4. e3 Bg7 5. Nbd2 d6 6. Bc4 Nd7 7. Qe2 a6 8. 0-0 h6 9. Bh4 g5 10. Bg3 e6 11. c3 Ne7 12. e4 Ng6 13. Qe3 Qe7 14. Ne1 h5 15. f4 h4 16. f5 hxg3 17. fxg6 gxh2+ 18. Kh1 f6 19. Nef3 g4 20. Ng5 Bh6 21. g7 Rg8 22. e5 0-1